banner koha

Estudo varietal da videira para mesa no estado de Goias [Pratica cultural; Vitis spp; Enxerto; Brasil] (Registro n. 333396)

MARC details
000 -LÍDER
campo de controle de tamanho fixo 01024naa a22003257a 4500
001 - NÚMERO DE CONTROLE
campo de controle BR7904793
003 - IDENTIFICADOR DO NÚMERO DE CONTROLE
campo de controle BR-BrBNA
005 - DATA E HORÁRIO DA ÚLTIMA TRANSAÇÃO
campo de controle 20250716090234.0
007 - CAMPO FIXO DE DESCRIÇÃO FÍSICA--INFORMAÇÃO GERAL
campo de controle de tamanho fixo ta
008 - CAMPO DE DADOS FIXOS--INFORMAÇÃO GERAL
campo de controle de tamanho fixo 250630b bl.|||m| |||| 00| 0 por d
040 ## - FONTE DA CATALOGAÇÃO
Instituição da catalogação original BR-BrBNA
Idioma da catalogação por
Instituição que transcreveu o registro Biblioteca Nacional de Agricultura
041 ## - CÓDIGO DE IDIOMA
Código do idioma do texto/trilha sonora ou título diferente (Pt)
072 ## - CÓDIGO DE CATEGORIA DE ASSUNTO
Código de Categoria de Assunto F00
Código do objeto 0940
-- 3540
-- G514
090 ## - NÚMERO DE CHAMADA LOCAL
Número de chamada F00 BR7904793
100 1# - ENTRADA PRINCIPAL--NOME PESSOAL
Nome pessoal Vaz, R.L.
100 1# - ENTRADA PRINCIPAL--NOME PESSOAL
Nome pessoal Ogata, T.
100 1# - ENTRADA PRINCIPAL--NOME PESSOAL
Nome pessoal Garrigues, A.M.
245 1# - TÍTULO
Título Estudo varietal da videira para mesa no estado de Goias [Pratica cultural; Vitis spp; Enxerto; Brasil]
Restante do título Projeto fruticultura
490 ## - TÍTULO DA SÉRIE
Título da série Relatorio Tecnico - Empresa Goiana de Pesquisa Agropecuaria (Brazil)
500 ## - NOTA GERAL
Nota geral Relatorio tecnico 1978<br/>Goiania, GO (Brasil): 1979. p. 101-102<br/>(BR7904793-AMS)<br/>
650 ## - ASSUNTO--TERMO TÓPICO
Cabeçalho tópico ou nome geográfico Producao vegetal
650 ## - ASSUNTO--TERMO TÓPICO
Cabeçalho tópico ou nome geográfico Uva
650 ## - ASSUNTO--TERMO TÓPICO
Cabeçalho tópico ou nome geográfico Enxerto
650 ## - ASSUNTO--TERMO TÓPICO
Cabeçalho tópico ou nome geográfico Melhoramento vegetal
650 ## - ASSUNTO--TERMO TÓPICO
Cabeçalho tópico ou nome geográfico Pratica cultural
650 ## - ASSUNTO--TERMO TÓPICO
Cabeçalho tópico ou nome geográfico Viticultura
650 ## - ASSUNTO--TERMO TÓPICO
Cabeçalho tópico ou nome geográfico Goias
942 ## - ELEMENTOS DE ENTRADA ADICIONADOS (KOHA)
Tipo de material Koha Analítica de Monografia Seriada
Fonte da classificação ou esquema de arquivamento na estante Classificação AGRIS
909 ## -
-- 202506
-- Lúcia
-- 55
-- Lúcia Elande
Exemplares
Situação do descarte Fonte da classificação ou esquema de arquivamento na estante Situação física Não pode ser emprestado Coleção Biblioteca de origem Biblioteca atual Total de empréstimos Data de último acesso Número do exemplar Tipo de material Koha Situação das perdas Data de aquisição Fonte de aquisição
  Classificação AGRIS       Biblioteca Nacional de Agricultura - Binagri Biblioteca Nacional de Agricultura - Binagri   30/06/2025 01 Analítica de Monografia Seriada   2025-06-30 Portaria Interministerial nº 164/94

BINAGRI

Telefone: (61)3218-2567/2388/3357/2097 - binagri@agro.gov.br

Ministério da Agricultura e Pecuária , Esplanada dos Ministérios, Bloco D, Anexo B, Brasília/DF, CEP: 70.043-900